Quizzes
Events
Quiz Creation
Community
Videos
Private Events
Remove Ads
Sign In
Join for FREE
Feedback
Dark Mode
Quiz Categories
Sports
Geography
Music
Movies
Television
Just For Fun
Miscellaneous
History
Literature
Language
Science
Gaming
Entertainment
Religion
Holiday
For Kids
Quiz Lab
Recent
Popular Today
Quiz Kudos Today
Editor Picks
Curator Picks
Quizzes by...
Day
Popularity
Type
Ratings
Length
Year
Community
Subscriptions
Recent Discussions
Orange Saloon
Badges
Playlists
Quests
Create
Leaderboards
Showdown
Live 5
Trivia Bingo
Activity
Puzzle Library
Sporcle Events
Private Events
Virtual Trivia
Globe League
Become a Host
Pub Owners
SporcleCon
Opinionation
Our Games
Videos
Blog
Mobile Apps
Partnerships
Remove Ads and Go Orange
Feedback
Music
Pop Music
The Beatles
Song
Album
Lyrics
Bands
Singers
Artist
Clip
Rock
Rap
Classical
Billboard
Country Music
Kpop
Taylor Swift
Music
Pop Music
The Beatles
Song
Album
Lyrics
Bands
Singers
Artist
Clip
Rock
Rap
Classical
Billboard
Country Music
Kpop
Taylor Swift
Random Quiz
Search Sporcle
×
Quiz Lab
Quiz Lab
Music
Song
Type in answers that appear in a list
Type in answers that appear in a list
Classic
Best Score? Go Orange.
Fall out boy song by synonym Stats
Can you name the Fall out boy song by synonym?
By
cuhrabbs
10m
20 Questions
966 Plays
966 Plays
966 Plays
Comments
Comments
Give Quiz Kudos
Give Quiz Kudos
-
- Ratings
hide this ad
More Info
Replay
Link that replays current quiz
Next Quiz
Link to next quiz in quiz playlist
You Got
0%
They Got
Avg Score
59%
Avg Friend Score
Upgrade to see
Score Distribution
Jump to the score distribution portion of the page
Score
0/20
Timer
10:00
0
Plays Today
Synonym
Song
% Correct
The windy city is so 730 days ago
Chicago is so Two years ago
79%
What a find, sir!
What A catch, Donnie
77.7%
The good and bad things about inhaling and exhaling
The Pros and Cons of Breathing
74.1%
Sparkling wine for my genuine companions, true physical suffering for my feigned cohort
Champagne for my real friends, Real pain for my sham friends
73.2%
Getting older
Growing Up
67.7%
Nostalgic at universe emcampment
Homesick at space camp
66%
H.J.O.B.T.G.T.
G.I.N.A.S.F.S.
63.8%
Explosive hopper
Grenade Jumper
62.1%
Beautiful in hood
Pretty in Punk
57.6%
Gilded
Golden
57.2%
Synonym
Song
% Correct
It's difficult to convey traditional wedding jargon when I do not
It's Hard to say 'I Do', When I don't
56.6%
Whisper Worship
Hum Hallelujah
54.8%
Shipping mail from the collision of an aircraft (Hoping you could be with me)
Sending postcards from A Plane Crash (Wish you were here)
53.4%
Out of all the alcohol taverns on planet earth
Of all the Gin joints in all the world
52.8%
The female is my actress from Little Women
She's My Winona
52.7%
The acquiring, the napping is done for
The Take over, The Break's over
52.5%
At peace preceeding the disturbance
Calm before The storm
52.4%
Tattletales and discussers get cuts and moving devices
Snitches and Talkers get Stitches and Walkers
52.1%
The (subsequent) being of the get togther
The (After) Life of the party
50.2%
Cliffhanger
Thriller
28.9%
Quiz Playlist
Details
Report
Send in Message
Add To Playlist
More Info:
Can you guess the FOB song by its synonym? Songs from 'evening out with your girlfriend' all the way to 'Folie a deux' :D
Classic:
Type in answers that appear in a list
Last Updated: Feb 16, 2017
Quiz Scoreboard
CHALLENGE
Sign Up to Join the Scoreboard
Show All
Scores
Hide
Comments
May contain spoilers
Recently Published
Billboard Blitz: Fleetwood Mac
by CooCooCachoo
Music
15s
Presidents Visiting Landmarks
by Hejman
History
7m
An Introduction to Baseball
by treessimontrees
Sports
5m
More to Explore
Quiz From the Vault
Featured Blog Post
Where Did the Easter Bunny Come From?
hide this ad
You Might Also Like...
Tags
Song Quiz
Boy
fall
Synonym
Today's Top Quizzes in Music
Browse Music
hide this ad
Today's Top Quizzes in Song
Browse Song
Top Contributed Quizzes in Music
1
Taylor Swift All Songs (2024)
2
Guess the Artist- 70s Songs
3
7-to-1: Billboard Hot 100 #1 Hits of 2010s
4
Sorting Albums and Songs
5
Taylor Swift Logic Puzzle
6
KPOP LOGIC QUIZ
7
2010s Album by Cover III
8
One Thing in Common: Music
9
Guess the Taylor Swift song (Mystery Song)
10
Guess The Taylor Swift Lyrics Song #1
Explore More
Trending Topics
NBA
Kpop
Disney
Marvel
Anime
Crossword
Harry Potter
Country
WWE
Soccer
The Office
NFL
Puzzle
Song
Pokémon
hide this ad
More By:
cuhrabbs
Quiz
Plays
Rating
Category
Featured
Created
Fall out boy song by synonym
966
3.80
Music
Feb 12, 2011
Harry Potter Game!
158
2.83
Literature
Nov 20, 2010
Pottermore!
150
3.11
Just For Fun
Aug 17, 2011
Go to Creator's Profile
Score Distribution
Quiz Creator Spotlight
cuhrabbs
Follow
Send a Message
Quizzes Created
-
Created Quiz Play Count
-
More By This Creator
Popular Quizzes Today
1
Find the US States - No Outlines Minefield
2
Find the Countries of Europe - No Outlines Minefield
3
The Countries of the World
4
Find the US States
5
US States
6
Popular People in 1961
7
Risky Map Clicking: Biggest States A-Z
8
Movies - When Are They Set?
More Music Quizzes
Guess the Lyrics XCVII
Curator's Pick
Trending Quizzes
Risky Map Clicking: Least Populous States A-Z
1-10 Letter G Words
1-10 Letter F Words
Risky Map Clicking: Next State Alphabetically
Risky Map Clicking: Biggest States A-Z
Recently Updated
Leaping Animals
pecheneg
Reality TV Shows (A-Z)
bhenderson79
Rickey Henderson's Hall of Fame Teammates
pecheneg
Champions League XIs: Arsenal
pecheneg
Quick Pick: Celebrities in WWE's Hall of Fame
aduchscher
A-Z Keypad Blitz II
pecheneg
Multiple Oscar Actors
pecheneg
Mystery Phrase Blitz: Oscar 'Best Actors'
pecheneg
F. Scott Fitzgerald Novels
LTH
Pick 3 Villains
ddd62291
Trending Topics
Kpop
NBA
Disney
Harry Potter
Marvel
Crossword
Anime
The Office
WWE
Song
NFL
Country
Soccer
Pokémon
Puzzle
Your Account Isn't Verified!
In order to create a playlist on Sporcle, you need to verify the email address you used during registration. Go to your
Sporcle Settings
to finish the process.
Report this User
Report this user for behavior that violates our
Community Guidelines
.
Details:
Send Report
Go to the Sporcle.com Mobile Site →
Comments